Togo : Selected Issues.

This Selected Issues paper discusses the assessment of economic activity in Togo in absence of quarterly GDP series. Togo collects about 40 macroeconomic indicators monthly that span a wide range of sectors of the economy. The selection of the variables for the economic activity index is conducted b...

Szczegółowa specyfikacja

Opis bibliograficzny
Korporacja: International Monetary Fund. African Dept
Format: Czasopismo
Język:English
Wydane: Washington, D.C. : International Monetary Fund, 2015.
Seria:IMF Staff Country Reports; Country Report ; No. 2015/310
Dostęp online:Full text available on IMF
LEADER 01711cas a2200241 a 4500
001 AALejournalIMF015608
008 230101c9999 xx r poo 0 0eng d
020 |c 5.00 USD 
020 |z 9781513562797 
022 |a 1934-7685 
040 |a BD-DhAAL  |c BD-DhAAL 
110 2 |a International Monetary Fund.  |b African Dept. 
245 1 0 |a Togo :   |b Selected Issues. 
264 1 |a Washington, D.C. :  |b International Monetary Fund,  |c 2015. 
300 |a 1 online resource (33 pages) 
490 1 |a IMF Staff Country Reports 
500 |a <strong>Off-Campus Access:</strong> No User ID or Password Required 
500 |a <strong>On-Campus Access:</strong> No User ID or Password Required 
506 |a Electronic access restricted to authorized BRAC University faculty, staff and students 
520 3 |a This Selected Issues paper discusses the assessment of economic activity in Togo in absence of quarterly GDP series. Togo collects about 40 macroeconomic indicators monthly that span a wide range of sectors of the economy. The selection of the variables for the economic activity index is conducted by finding the combination of variables. The indicators are aggregated into an index using a methodology used by the Conference Board. Then an economic activity index is constructed that effectively replicates the historical growth rates of real GDP in Togo. The selected index minimizes the deviations between the growth rates of the indicator and actual real GDP growth over 2002-13. 
538 |a Mode of access: Internet 
830 0 |a IMF Staff Country Reports; Country Report ;  |v No. 2015/310 
856 4 0 |z Full text available on IMF  |u http://elibrary.imf.org/view/journals/002/2015/310/002.2015.issue-310-en.xml  |z IMF e-Library